<?xml version="1.0" encoding="UTF-8"?>
<record
    xmlns:xsi="http://www.w3.org/2001/XMLSchema-instance"
    xsi:schemaLocation="http://www.loc.gov/MARC21/slim http://www.loc.gov/standards/marcxml/schema/MARC21slim.xsd"
    xmlns="http://www.loc.gov/MARC21/slim">

  <leader>00596nam a2200169 i 4500</leader>
  <controlfield tag="001">61763</controlfield>
  <controlfield tag="003">ES-MaACL</controlfield>
  <controlfield tag="007">t|</controlfield>
  <controlfield tag="008">031113s1953    sp           ||||1| spa d</controlfield>
  <datafield tag="245" ind1="0" ind2="0">
    <subfield code="a">F&#xE1;rmacos </subfield>
    <subfield code="b">: enciclopedia de medicamentos y especialidades / </subfield>
    <subfield code="c">editada por Francisco Benito Gar&#xED;n y M&#xAA; del Carmen Gonz&#xE1;lez Laquidain.</subfield>
  </datafield>
  <datafield tag="250" ind1=" " ind2=" ">
    <subfield code="a">1&#xAA; ed.</subfield>
  </datafield>
  <datafield tag="260" ind1=" " ind2=" ">
    <subfield code="a">San Sebasti&#xE1;n : </subfield>
    <subfield code="b">[s.n., </subfield>
    <subfield code="c">1953] (</subfield>
    <subfield code="e">Zarauz : </subfield>
    <subfield code="f">Icharopena)</subfield>
  </datafield>
  <datafield tag="300" ind1=" " ind2=" ">
    <subfield code="a">1122 p. ; </subfield>
    <subfield code="c">25 cm.</subfield>
  </datafield>
  <datafield tag="700" ind1="1" ind2=" ">
    <subfield code="a">Benito Gar&#xED;n, Francisco.</subfield>
    <subfield code="9">27676</subfield>
  </datafield>
  <datafield tag="700" ind1="1" ind2=" ">
    <subfield code="a">Gonz&#xE1;lez Laquidain, Mar&#xED;a del Carmen.</subfield>
    <subfield code="9">58741</subfield>
  </datafield>
  <datafield tag="852" ind1=" " ind2=" ">
    <subfield code="a">ES-MaACL</subfield>
    <subfield code="j">E-3289</subfield>
  </datafield>
  <datafield tag="999" ind1=" " ind2=" ">
    <subfield code="c">61763</subfield>
    <subfield code="d">61763</subfield>
  </datafield>
  <datafield tag="952" ind1=" " ind2=" ">
    <subfield code="0">0</subfield>
    <subfield code="1">0</subfield>
    <subfield code="4">0</subfield>
    <subfield code="7">0</subfield>
    <subfield code="8">Colecci&#xF3;n_de_referencia </subfield>
    <subfield code="a">ATENEOM</subfield>
    <subfield code="b">ATENEOM</subfield>
    <subfield code="c">DEPO2</subfield>
    <subfield code="d">2008-01-17</subfield>
    <subfield code="e">SC</subfield>
    <subfield code="l">0</subfield>
    <subfield code="o">E-3289</subfield>
    <subfield code="p">1064760</subfield>
    <subfield code="r">2023-02-23 00:00:00</subfield>
    <subfield code="w">2023-02-23</subfield>
    <subfield code="y">MONOGRAFIA</subfield>
  </datafield>
</record>
